|
|
|
|
| LEADER |
01460nam a2200397 a 4500 |
| 001 |
nkc20061639917 |
| 003 |
CZ PrNK |
| 005 |
20060310062039.0 |
| 007 |
ta |
| 008 |
060126s2005 xr ac g f 000 0 cze |
| 015 |
|
|
|a cnb001639917
|
| 020 |
|
|
|q (Skládanka)
|
| 040 |
|
|
|a BOA001
|b cze
|
| 041 |
1 |
|
|a cze
|a eng
|a ger
|
| 043 |
|
|
|a e-xr---
|b e-xr-pa
|2 czenas
|
| 072 |
|
7 |
|a 929
|x Biografie
|2 Konspekt
|9 8
|
| 080 |
|
|
|a 929
|2 MRF
|
| 080 |
|
|
|a (437.314)
|2 MRF
|
| 080 |
|
|
|a (036)
|2 MRF
|
| 100 |
1 |
|
|a Fikejz, Radoslav,
|d 1973-2021
|7 xx0015655
|4 aut
|
| 245 |
1 |
0 |
|a Osobnosti Svitavska =
|b Svitavy's personages = Persönlichkeiten der Zwittauer Region /
|c [autor textů Radoslav Fikejz]
|
| 246 |
3 |
1 |
|a Svitavy's personages
|
| 246 |
3 |
1 |
|a Persönlichkeiten der Zwittauer Region
|
| 260 |
|
|
|a Svitavy :
|b Město Svitavy ve spolupráci s Městským muzeem a galerií ve Svitavách,
|c [2005?]
|
| 300 |
|
|
|a [10] s. :
|b barev. il., portréty ;
|c 21 cm
|
| 500 |
|
|
|a Název z obálky
|
| 546 |
|
|
|a Souběžný anglický a německý text
|
| 650 |
0 |
7 |
|a osobnosti
|7 ph115615
|z Česko
|2 czenas
|
| 651 |
|
7 |
|a Svitavy (Česko : oblast)
|7 ge134523
|2 czenas
|
| 655 |
|
7 |
|a informační publikace
|7 fd132454
|2 czenas
|
| 710 |
2 |
|
|a Městské muzeum a galerie (Svitavy, Česko)
|7 mzk2006318307
|
| 910 |
2 |
|
|a BOA001
|b 2-1162.954
|
| 990 |
|
|
|a BK
|
| 995 |
|
|
|a 60
|
| 991 |
|
|
|b 200603
|c NOV
|
| 996 |
6 |
|
|b 2610271466
|c 2-1162.954
|l MZK
|r Sklad / do 1 hodiny
|n 5
|p p.v.
|w 000806937
|u 000010
|a 1
|e BOA001
|j MZK50
|s P
|